| 000 | 00696cam a2200229 a 4500 | ||
|---|---|---|---|
| 001 | 22482 | ||
| 003 | BD-RjUL | ||
| 005 | 20211209000819.0 | ||
| 008 | 140308s1969 nyua 000 1 eng | ||
| 035 | _a(BD-RjUL)22547 | ||
| 040 |
_aDLC _cDLC _dBD-RjUL _beng |
||
| 041 | 1 |
_aeng _hger |
|
| 082 |
_a824.8 _bCAW V-2 1969 |
||
| 100 | 1 |
_aCarlyle, Thomas. _969434 |
|
| 245 | 1 | 0 |
_aWilhelm Meister's apprenticeship / _ctr. from the German of Goethe _nvolume II |
| 260 |
_aNew York : _b Ams Press, _c1969. |
||
| 300 |
_a418 p. : _bill. ; _c21 cm. |
||
| 600 | 0 |
_aGoethe, Johann Wolfgang von. _xWilhelm Meisters Lehrjahre. _969435 |
|
| 942 |
_2ddc _cBK |
||
| 999 |
_c22482 _d22482 |
||